[Event "Bahia Blanca Labandal Memorial"]
[Site "Bahia Blanca"]
[Date "2019.??.??"]
[Round "3.5"]
[White "Urrutia, Marcelo"]
[Black "Morales, Guillermo"]
[Result "1/2-1/2"]
[WhiteElo "1575"]
[BlackElo "1583"]
[PlyCount "78"]
[EventDate "2019.08.07"]
[EventType "swiss"]
[EventRounds "9"]
[EventCountry "ARG"]
[SourceTitle "EXT 2024"]
[Source "ChessBase"]
[SourceDate "2023.10.10"]
[SourceVersion "1"]
[SourceVersionDate "2023.10.10"]
[SourceQuality "1"]

1. e4 Nf6 2. e5 Nd5 3. d4 d6 4. Nf3 Bg4 5. Be2 Nc6 6. 0-0 e6 7. Re1 Be7 8. c4 Nb6 9. exd6 cxd6 10. d5 Ne5 11. Nxe5 Bxe2 12. Qxe2 dxe5 13. dxe6 0-0 14. Nc3 f6 15. b3 Bb4 16. Rd1 Qe7 17. Nd5 Nxd5 18. cxd5 Bc3 19. Rb1 Rfd8 20. Rd3 Rac8 21. Be3 b6 22. Rc1 Bd4 23. Rc4 b5 24. Rxc8 Rxc8 25. Bxd4 exd4 26. f4 Qc5 27. e7 Qc1+ 28. Rd1 Qe3+ 29. Qxe3 dxe3 30. Kf1 Kf7 31. d6 Rc2 32. d7 e2+ 33. Ke1 exd1Q+ 34. Kxd1 Rd2+ 35. Kxd2 Kxe7 36. Kc3 Kxd7 37. Kb4 Kc6 38. Ka5 a6 39. b4 Kb7 1/2-1/2

[Event "Buenos Aires U2200 op"]
[Site "Buenos Aires"]
[Date "2018.04.20"]
[Round "1.4"]
[White "Urrutia, Marcelo"]
[Black "Lujan, Nelson"]
[Result "0-1"]
[WhiteElo "1603"]
[BlackElo "2071"]
[PlyCount "64"]
[EventDate "2018.04.20"]
[EventType "swiss"]
[EventRounds "7"]
[EventCountry "ARG"]
[SourceTitle "EXT 2024"]
[Source "ChessBase"]
[SourceDate "2023.10.10"]
[SourceVersion "1"]
[SourceVersionDate "2023.10.10"]
[SourceQuality "1"]

1. e4 c6 2. d4 d5 3. e5 Bf5 4. h4 h5 5. Nf3 e6 6. Be3 Nh6 7. a3 Be7 8. Be2 Ng4 9. Bd2 c5 10. Nh2 Nxh2 11. Rxh2 cxd4 12. g3 Qc7 13. Bf4 Qxc2 14. Qxd4 Nc6 15. Qc3 f6 16. Bb5 Kf7 17. Bxc6 bxc6 18. Qxc2 Bxc2 19. Nd2 c5 20. Rc1 Bf5 21. Nb3 Rac8 22. f3 Rhd8 23. Na5 Rd7 24. Rd2 Bd8 25. Nc4 Bc7 26. Nd6+ Bxd6 27. exd6 e5 28. Be3 d4 29. Bxd4 exd4 30. Rxd4 cxd4 31. Rxc8 Rxd6 32. Rc4 d3 0-1